[Event "XXIV Weekend C"]
[Site "Ceriano Laghetto ITA"]
[Date "2015.03.07"]
[Round "3"]
[White "Frignani, Alessandro"]
[Black "Aldeghi, Damiano"]
[WhiteElo "1376"]
[BlackElo "1456"]
[Result "1-0"]
[PlyCount "143"]
[EventDate "2015.03.06"]

1. e4 e5 2. Bc4 Nf6 3. Qf3 Nc6 4. Ne2 d6 5. h3 Qe7 6. Nbc3 Nb4 7. Bb3 Be6 8.
Kd1 Bxb3 9. axb3 Qd7 10. Nd5 Nbxd5 11. exd5 Be7 12. c4 O-O 13. Nc3 a6 14. d3 h6
15. Qg3 Nh5 16. Qf3 Nf6 17. h4 Qg4 18. Qxg4 Nxg4 19. Ke2 f5 20. f3 Nf6 21. g3
Nh5 22. Kf2 f4 23. g4 Nf6 24. Bd2 Nd7 25. b4 Rae8 26. Rag1 Kh7 27. Ne4 Nf6 28.
Nc3 Nd7 29. Ra1 Ra8 30. Ra2 Kg8 31. Ke2 Rfc8 32. Be1 c5 33. dxc6 Rxc6 34. Bf2
Rcc8 35. Nd5 Kf7 36. Rha1 Bd8 37. b5 Nc5 38. Bxc5 Rxc5 39. b4 Rcc8 40. bxa6
bxa6 41. Rxa6 Rxa6 42. Rxa6 Ke6 43. h5 Rb8 44. c5 Be7 45. Nxe7 Kxe7 46. cxd6+
Ke6 47. Ra4 Kxd6 48. Kd2 Kd5 49. Ra5+ Kd4 50. Ra4 Rb7 51. b5+ Kc5 52. Kc3 Kxb5
53. Rb4+ Kc6 54. Rxb7 Kxb7 55. Kc4 Kc6 56. d4 Kd6 57. dxe5+ Kxe5 58. Kc5 Kf6
59. Kd5 g5 60. hxg6 Kxg6 61. Ke5 Kg5 62. Ke4 h5 63. gxh5 Kxh5 64. Kxf4 Kh4 65.
Kf5 Kh5 66. f4 Kh4 67. Kf6 Kh5 68. f5 Kh6 69. Kf7 Kh7 70. Kf8 Kh8 71. f6 Kh7
72. f7 1-0

[Event "XXIV Weekend C"]
[Site "Ceriano Laghetto ITA"]
[Date "2015.03.07"]
[Round "3"]
[White "Lupi, Matthew"]
[Black "Cassi, Elisa"]
[WhiteElo "1470"]
[BlackElo "1470"]
[Result "1/2-1/2"]
[PlyCount "119"]
[EventDate "2015.03.06"]

1. e4 e6 2. Nf3 d5 3. exd5 exd5 4. d4 Bg4 5. Bd3 Nc6 6. c3 Bd6 7. Nbd2 Nf6 8.
h3 Bh5 9. g4 Bg6 10. Qe2+ Be7 11. Bb5 O-O 12. Bxc6 bxc6 13. Ne5 Qd6 14. f4 Be4
15. Rg1 c5 16. g5 Nd7 17. Nxe4 dxe4 18. Qxe4 Rae8 19. Be3 f6 20. gxf6 Bxf6 21.
O-O-O Qb6 22. Qd5+ Qe6 23. Qxe6+ Rxe6 24. Nxd7 Rf7 25. Ne5 Rfe7 26. Ng4 h5 27.
Nxf6+ Rxf6 28. Rde1 Rfe6 29. Bd2 cxd4 30. Rxe6 Rxe6 31. Re1 Ra6 32. a3 dxc3 33.
Bxc3 Ra4 34. f5 Rh4 35. Re3 Rf4 36. Rg3 Rxf5 37. Rxg7+ Kf8 38. Rh7 Kg8 39. Rg7+
Kf8 40. Rg3 Rf1+ 41. Kd2 Rh1 42. Ke3 h4 43. Kf4 hxg3 44. Kxg3 Rg1+ 45. Kh4 Kg8
46. Bd4 Rg2 47. Bxa7 Rxb2 48. Bd4 Ra2 49. Be5 c5 50. Bd6 c4 51. Bb4 Ra1 52. Kg4
Rd1 53. Kf4 Rd3 54. Ke4 Rxh3 55. Kd4 Rh4+ 56. Kc3 Kf7 57. a4 Ke6 58. Bc5 Kd5
59. Bf2 Rg4 60. a5 1/2-1/2

[Event "XXIV Weekend C"]
[Site "Ceriano Laghetto ITA"]
[Date "2015.03.07"]
[Round "3"]
[White "Madaschi, Sergio"]
[Black "Fantina, Carla"]
[WhiteElo "1494"]
[BlackElo "1323"]
[Result "1-0"]
[PlyCount "93"]
[EventDate "2015.03.06"]

1. e4 d6 2. c4 Nf6 3. Nc3 g6 4. d4 c6 5. Be2 Bg7 6. Nf3 Nbd7 7. O-O O-O 8. h3
a6 9. Be3 h6 10. a4 Kh7 11. Qd2 b6 12. Rfd1 Bb7 13. Qc2 c5 14. d5 Qb8 15. Bf4
Ne8 16. Bd3 Ndf6 17. Re1 Nh5 18. Bh2 Qd8 19. e5 dxe5 20. Nxe5 Bxe5 21. Bxe5 Nd6
22. Bh2 Bc8 23. Be2 Ng7 24. Bd3 e6 25. Ne4 Nxe4 26. Bxe4 Qg5 27. f4 Qf6 28.
dxe6 Nxe6 29. Bxa8 Nxf4 30. Bxf4 Qxf4 31. Bf3 Qd4+ 32. Kh1 Bf5 33. Be4 Be6 34.
b3 Qf6 35. Rf1 Qe7 36. Rae1 Rd8 37. Bd5 Rd6 38. Qe4 Qd7 39. Qf3 a5 40. Bxe6
Rxe6 41. Qxf7+ Qxf7 42. Rxf7+ Kg8 43. Rxe6 Kxf7 44. Rxb6 h5 45. Rb5 g5 46. Rxc5
Kf6 47. Rxa5 1-0

[Event "XXIV Weekend C"]
[Site "Ceriano Laghetto ITA"]
[Date "2015.03.07"]
[Round "3"]
[White "Rosini, Luca Ungaro"]
[Black "Gatti, Daniele Guglielmo"]
[WhiteElo "1584"]
[BlackElo "1485"]
[Result "1/2-1/2"]
[PlyCount "129"]
[EventDate "2015.03.06"]

1. d4 d5 2. c4 c6 3. Nc3 Nf6 4. Nf3 Bf5 5. e3 e6 6. Be2 Bb4 7. O-O O-O 8. Bd2
Nbd7 9. Qb3 Bxc3 10. bxc3 Qc7 11. c5 Rab8 12. Nh4 Ne4 13. Be1 b6 14. cxb6 Rxb6
15. Qa3 Rfb8 16. Nxf5 exf5 17. f3 Nd6 18. Bg3 c5 19. Bd3 g6 20. Rab1 Rxb1 21.
Rxb1 Rxb1+ 22. Bxb1 Qb6 23. Bxd6 Qxb1+ 24. Kf2 cxd4 25. exd4 Qb6 26. Qb4 Qxb4
27. cxb4 a6 28. a4 Nb6 29. b5 Nxa4 30. bxa6 Nb6 31. Bc5 Na8 32. Ke3 Kg7 33. Kf4
Kf6 34. h4 h6 35. a7 g5+ 36. hxg5+ hxg5+ 37. Ke3 f4+ 38. Kd3 Ke6 39. Kc3 f5 40.
Kb4 Kd7 41. Kb5 Kc7 42. Ka6 Kc6 43. Be7 Nc7+ 44. Ka5 Kb7 45. a8=Q+ Kxa8 46.
Bxg5 Ne6 47. Bf6 Ka7 48. Kb5 Kb7 49. Be5 Nd8 50. Kc5 Nc6 51. Kxd5 Nb4+ 52. Ke6
Kc6 53. Bxf4 Nc2 54. d5+ Kc5 55. d6 Nd4+ 56. Ke7 Nc6+ 57. Ke8 Kd4 58. d7 Kd3
59. d8=Q+ Nxd8 60. Kxd8 Ke2 61. Ke7 Kf2 62. g3 Kxf3 63. Ke6 Kg4 64. Kf6 Kh5 65.
Kxf5 1/2-1/2

[Event "XXIV Weekend C"]
[Site "Ceriano Laghetto ITA"]
[Date "2015.03.07"]
[Round "3"]
[White "Ruggiero, Paolino"]
[Black "Strada, Giorgio"]
[WhiteElo "1508"]
[BlackElo "1359"]
[Result "1-0"]
[PlyCount "129"]
[EventDate "2015.03.06"]

1. e4 e5 2. f4 Nc6 3. Bc4 Nf6 4. Nc3 Bb4 5. Nf3 d6 6. d3 a6 7. a3 Bc5 8. fxe5
dxe5 9. h3 Qe7 10. Bg5 h6 11. Bh4 g5 12. Bg3 g4 13. Bh4 gxh3 14. gxh3 Be6 15.
Nd5 Bxd5 16. Bxd5 O-O-O 17. Bxc6 bxc6 18. Qe2 Qe6 19. Qd2 Nxe4 20. Qa5 Ng5 21.
Nxg5 hxg5 22. Bxg5 Rd5 23. Qxa6+ Kd7 24. O-O-O Bb6 25. Qa4 f6 26. Bd2 Rd4 27.
Bb4 Qa2 28. c4 e4 29. dxe4 Qxc4+ 30. Kb1 Rd6 31. Qc2 Qxc2+ 32. Kxc2 c5 33. Bc3
Ke6 34. Rdf1 Ke7 35. h4 Rh6 36. h5 Re6 37. Rh4 c4 38. Rf3 c6 39. Bd2 Rh7 40.
Kc3 Ba5+ 41. Kc2 Bd8 42. h6 Kd7 43. Rg3 Ree7 44. Rg6 Ref7 45. Rh5 Be7 46. Kc3
f5 47. exf5 Bf6+ 48. Kxc4 Bxb2 49. a4 Be5 50. Kc5 Bf6 51. a5 Be7+ 52. Kb6 Bd8+
53. Kc5 Be7+ 54. Kc4 Bd8 55. a6 Bb6 56. Bf4 Ba7 57. Rd6+ Ke7 58. Rxc6 Ke8 59.
f6 Rd7 60. Re5+ Kf8 61. Rd5 Rxd5 62. Kxd5 Rd7+ 63. Ke6 Re7+ 64. fxe7+ Ke8 65.
Rc8# 1-0

[Event "XXIV Weekend C"]
[Site "Ceriano Laghetto ITA"]
[Date "2015.03.08"]
[Round "4"]
[White "Aldeghi, Damiano"]
[Black "Carugati, Mario"]
[WhiteElo "1456"]
[BlackElo "1389"]
[Result "1-0"]
[PlyCount "81"]
[EventDate "2015.03.06"]

1. e4 e5 2. Nf3 Nc6 3. Bc4 h6 4. Nc3 Nf6 5. d4 Bb4 6. dxe5 Nxe4 7. Qd5 Qe7 8.
Qxe4 d6 9. Bb5 Bxc3+ 10. bxc3 Bd7 11. Ba3 a6 12. Ba4 b5 13. Bb3 O-O 14. Bd5 Qe8
15. O-O Kh8 16. exd6 Qxe4 17. Bxe4 cxd6 18. Bxd6 f6 19. a4 Rac8 20. axb5 axb5
21. Rab1 Rfe8 22. Bd5 Ne7 23. Bf7 Rf8 24. Bb3 Rfe8 25. Rfe1 Nf5 26. Rxe8+ Rxe8
27. Bb4 Bc6 28. Nd4 Be4 29. Nxb5 Rd8 30. Re1 Bc6 31. c4 Nh4 32. Nd6 Rb8 33. Bc3
Bxg2 34. Re8+ Rxe8 35. Nxe8 Be4 36. c5 Bc6 37. Nd6 Nf3+ 38. Kg2 Kh7 39. Bf7
Ne1+ 40. Kg3 Nxc2 41. Be8 1-0

[Event "XXIV Weekend C"]
[Site "Ceriano Laghetto ITA"]
[Date "2015.03.08"]
[Round "4"]
[White "Bossoni, Alessandra"]
[Black "Lupi, Matthew"]
[WhiteElo "1489"]
[BlackElo "1470"]
[Result "0-1"]
[PlyCount "120"]
[EventDate "2015.03.06"]

1. e4 e5 2. Nf3 Nc6 3. Bc4 Bc5 4. c3 d6 5. d3 h6 6. Bb3 Nf6 7. O-O Bg4 8. Be3
Bb6 9. Bxb6 axb6 10. Nbd2 O-O 11. h3 Be6 12. Bc4 d5 13. exd5 Bxd5 14. Re1 Re8
15. Bxd5 Nxd5 16. Nc4 Qf6 17. Qe2 Nf4 18. Qe4 Ng6 19. a4 Re7 20. b4 Rae8 21. b5
Nd8 22. a5 bxa5 23. Nxa5 b6 24. Nc6 Nxc6 25. Qxc6 Qxc6 26. bxc6 Nf4 27. d4 e4
28. Ne5 Nd5 29. Rac1 b5 30. Rxe4 f6 31. c4 bxc4 32. Rxc4 fxe5 33. dxe5 Rxe5 34.
Rxe5 Rxe5 35. f4 Rf5 36. g3 Rf6 37. Kf2 Ne7 38. Ke3 Rxc6 39. Rxc6 Nxc6 40. Ke4
Kf7 41. Kd5 Na7 42. Kc5 Ke7 43. g4 Kd7 44. h4 Nc6 45. g5 Nb8 46. f5 h5 47. Kd5
Ke7 48. Ke5 c6 49. Kd4 Kd6 50. Ke4 c5 51. Kd3 Ke5 52. f6 gxf6 53. g6 Ke6 54.
Kc4 Nd7 55. Kd3 f5 56. Ke3 Kf6 57. g7 Kxg7 58. Kf4 Kf6 59. Ke3 Ke5 60. Kd3 f4
0-1

[Event "XXIV Weekend C"]
[Site "Ceriano Laghetto ITA"]
[Date "2015.03.08"]
[Round "4"]
[White "Cassi, Elisa"]
[Black "Fantina, Carla"]
[WhiteElo "1470"]
[BlackElo "1323"]
[Result "1-0"]
[PlyCount "133"]
[EventDate "2015.03.06"]

1. e4 d6 2. d4 Nf6 3. Nc3 g6 4. Nf3 Bg7 5. Bc4 O-O 6. O-O Nxe4 7. Nxe4 d5 8.
Bxd5 Qxd5 9. Nc3 Qd8 10. Re1 h6 11. Be3 e6 12. Qd2 Kh7 13. Rad1 c6 14. Bf4 Na6
15. Ne5 Nc7 16. Ne2 Nd5 17. Bg3 a5 18. c4 Nf6 19. Nc3 Nh5 20. Bf4 Nxf4 21. Qxf4
Qf6 22. Qd2 Qg5 23. Qxg5 hxg5 24. Re3 Bf6 25. Rf3 Kg7 26. Ne4 Be7 27. Rg3 f6
28. Nd3 b5 29. b3 bxc4 30. bxc4 Ba6 31. c5 Rab8 32. h3 Rfd8 33. Re3 Rxd4 34.
Nc3 Kf7 35. Ne2 Ra4 36. Ndc1 Bxe2 37. Rxe2 Rc4 38. Nb3 Rb5 39. Rd7 a4 40. Nd4
Rb1+ 41. Kh2 Rxc5 42. Rxe6 Re5 43. Rxe5 fxe5 44. Nxc6 Ke6 45. Rxe7+ Kd6 46. Ra7
Kxc6 47. Rxa4 Kb5 48. Re4 Rb2 49. Rxe5+ Ka4 50. Rxg5 Rxf2 51. Rxg6 Ka5 52. h4
Rf8 53. Rg3 Kb5 54. h5 Rh8 55. Rh3 Rh6 56. g4 Rc6 57. g5 Rc2+ 58. Kg3 Rxa2 59.
h6 Kc5 60. h7 Ra3+ 61. Kg4 Ra4+ 62. Kh5 Ra8 63. g6 Rd8 64. Rg3 Kd4 65. g7 Ke4
66. g8=Q Rd5+ 67. Qxd5+ 1-0

[Event "XXIV Weekend C"]
[Site "Ceriano Laghetto ITA"]
[Date "2015.03.08"]
[Round "4"]
[White "Ciochetta, Giovanni"]
[Black "Cella, Pietro"]
[WhiteElo "1587"]
[BlackElo "1467"]
[Result "1/2-1/2"]
[PlyCount "90"]
[EventDate "2015.03.06"]

1. e4 e5 2. Nf3 Nc6 3. Bc4 Bc5 4. d3 Nf6 5. Nc3 h6 6. O-O O-O 7. Na4 Be7 8. a3
d6 9. Nc3 Bg4 10. Be3 Qd7 11. b4 Rfe8 12. Nd5 Nxd5 13. Bxd5 Bf6 14. c3 a6 15.
Qe2 Be6 16. Qa2 Ne7 17. Bxe6 Qxe6 18. Qxe6 fxe6 19. h3 Ng6 20. g3 Rf8 21. h4
Rad8 22. Nd2 b5 23. Nb3 Rc8 24. c4 c6 25. cxb5 cxb5 26. Rfc1 Ne7 27. Na5 d5 28.
Bc5 Rfe8 29. Kf1 Nc6 30. Nxc6 Rxc6 31. Be3 Rec8 32. Rxc6 Rxc6 33. Rc1 Rxc1+ 34.
Bxc1 Kf7 35. Ke2 Ke7 36. Kd2 Kd6 37. Kc2 Bd8 38. Kb3 Bb6 39. Be3 Bxe3 40. fxe3
g6 41. a4 h5 42. axb5 axb5 43. Kc3 Kc6 44. exd5+ exd5 45. d4 e4 1/2-1/2

[Event "XXIV Weekend C"]
[Site "Ceriano Laghetto ITA"]
[Date "2015.03.08"]
[Round "4"]
[White "Kiszka, Jean Marc"]
[Black "Meloni, Cristina"]
[WhiteElo "1399"]
[BlackElo "1374"]
[Result "1-0"]
[PlyCount "95"]
[EventDate "2015.03.06"]

1. c4 d6 2. Nc3 Nf6 3. Nf3 e5 4. g3 Nc6 5. Bg2 Be7 6. d3 O-O 7. O-O h6 8. a3
Ng4 9. b4 b6 10. h3 Nf6 11. Qa4 Bd7 12. Qc2 Qc8 13. Kh2 Rb8 14. Bb2 a5 15. b5
Nd4 16. Nxd4 exd4 17. Nd5 Re8 18. Nxe7+ Rxe7 19. Bxd4 Re6 20. a4 c5 21. Bxf6
Rxf6 22. Rac1 Be6 23. e4 Qd7 24. f4 g5 25. f5 h5 26. fxe6 Qxe6 27. Rxf6 Qxf6
28. Rf1 Qe5 29. Rf5 Qg7 30. Qd2 f6 31. d4 Qf7 32. dxc5 Qe6 33. Qd5 Qxd5 34.
Rxd5 bxc5 35. Rxd6 Kf7 36. Rc6 Rd8 37. Rxc5 Kg6 38. Rd5 Rc8 39. c5 Rf8 40. c6
h4 41. g4 Kf7 42. b6 Rc8 43. Rc5 Ke7 44. b7 Rb8 45. c7 Kd6 46. cxb8=Q+ Kxc5 47.
Qc7+ Kd4 48. b8=Q 1-0

[Event "XXIV Weekend C"]
[Site "Ceriano Laghetto ITA"]
[Date "2015.03.08"]
[Round "4"]
[White "Lamera, Giuseppe"]
[Black "Frignani, Alessandro"]
[WhiteElo "1503"]
[BlackElo "1376"]
[Result "0-1"]
[PlyCount "71"]
[EventDate "2015.03.06"]

1. d4 d5 2. c4 e6 3. a3 Nc6 4. e3 Nf6 5. Nc3 Be7 6. Nf3 h6 7. Bd3 b6 8. O-O Qd7
9. b4 a6 10. b5 Na5 11. Ne5 Qd6 12. bxa6 Bxa6 13. Qa4+ c6 14. c5 Qc7 15. cxb6
Qxb6 16. Rb1 Qc7 17. Bxa6 Rxa6 18. Na2 Nd7 19. Nb4 Ra7 20. Nbxc6 Nxc6 21. Qxc6
Qxc6 22. Nxc6 Rc7 23. Nxe7 Kxe7 24. Bd2 Ra8 25. Bb4+ Kf6 26. Rfc1 Rca7 27. f3
Kg6 28. Rc6 Rb8 29. Kf2 Rxa3 30. Bxa3 Rxb1 31. Rc7 Nb6 32. Rb7 Ra1 33. Bb2 Ra6
34. h4 h5 35. g4 hxg4 36. fxg4 {...} 0-1

[Event "XXIV Weekend C"]
[Site "Ceriano Laghetto ITA"]
[Date "2015.03.08"]
[Round "4"]
[White "Madaschi, Sergio"]
[Black "Rosini, Luca Ungaro"]
[WhiteElo "1494"]
[BlackElo "1584"]
[Result "0-1"]
[PlyCount "62"]
[EventDate "2015.03.06"]

1. e4 d5 2. exd5 Qxd5 3. Nc3 Qa5 4. d4 c6 5. Nf3 Nf6 6. Bd2 Bg4 7. h3 Bh5 8. g4
Bg6 9. Bc4 Qc7 10. Bb3 e6 11. Qe2 Bb4 12. O-O-O Bxc3 13. Bxc3 Nd5 14. Bxd5 cxd5
15. Ne5 Nd7 16. Nxg6 hxg6 17. Qf3 Nf6 18. Bd2 Rc8 19. c3 b5 20. Bf4 Qc4 21. Kb1
Ne4 22. Rc1 g5 23. Be3 b4 24. Qd1 bxc3 25. b3 Qb4 26. f3 Nd6 27. Ka1 a5 28. Rh2
Nb5 29. Bg1 Na3 30. Qd3 Kd7 31. Be3 a4 0-1

[Event "XXIV Weekend C"]
[Site "Ceriano Laghetto ITA"]
[Date "2015.03.08"]
[Round "4"]
[White "Mangiapan, Gabriele"]
[Black "Strada, Giorgio"]
[WhiteElo "1437"]
[BlackElo "1359"]
[Result "0-1"]
[PlyCount "120"]
[EventDate "2015.03.06"]

1. e4 c5 2. Nf3 a6 3. Bc4 d6 4. d4 cxd4 5. Nxd4 e6 6. Nc3 Nf6 7. Bg5 Be7 8. O-O
O-O 9. Nf3 Nbd7 10. Re1 b5 11. Bd3 Bb7 12. Qd2 Nc5 13. Qf4 h6 14. Bxf6 Bxf6 15.
Rab1 Rc8 16. Nd1 e5 17. Qd2 Re8 18. b4 Ne6 19. Nc3 Ng5 20. Nd5 Bxd5 21. exd5 e4
22. Nxg5 Bxg5 23. f4 exf3 24. Qf2 Rxe1+ 25. Rxe1 fxg2 26. Qxg2 Bh4 27. Re2 Qg5
28. Qxg5 Bxg5 29. Re4 Kf8 30. c4 f5 31. Rd4 Be3+ 32. Kf1 Bxd4 33. cxb5 axb5 34.
Bxb5 Rb8 35. a4 Bc3 36. a5 Rxb5 37. a6 Bxb4 38. Kf2 Rxd5 39. Ke3 Ra5 40. Kf4 d5
41. Kxf5 Rxa6 42. Ke5 Bd6+ 43. Kxd5 Bxh2 44. Kc4 Rd6 45. Kc5 Ke8 46. Kc4 Kd7
47. Kc5 Ke6 48. Kc4 Rd5 49. Kc3 Ke5 50. Kc4 Ke4 51. Kc3 Rd4 52. Kc2 Rd3 53. Kb1
Rd2 54. Ka1 Kd3 55. Kb1 Kc3 56. Kc1 Bf4 57. Kb1 Rc2 58. Ka1 Kb3 59. Kb1 Rc3 60.
Ka1 Rc1# 0-1

[Event "XXIV Weekend C"]
[Site "Ceriano Laghetto ITA"]
[Date "2015.03.08"]
[Round "4"]
[White "Sala, Pierluigi"]
[Black "Castellucci, Emiliano"]
[WhiteElo "1527"]
[BlackElo "1416"]
[Result "1-0"]
[PlyCount "53"]
[EventDate "2015.03.06"]

1. e4 g6 2. Nf3 Bg7 3. d4 c5 4. c3 cxd4 5. cxd4 Nc6 6. Nc3 d6 7. h3 Bd7 8. Be3
e6 9. Rc1 Nge7 10. Nb5 O-O 11. Nxd6 Qc7 12. Nb5 Qa5+ 13. Nc3 a6 14. a3 Rfd8 15.
Be2 e5 16. d5 Be8 17. O-O Na7 18. Qb3 Nb5 19. Rfd1 f5 20. d6+ Bf7 21. Bc4 Nxd6
22. Bxf7+ Nxf7 23. Rxd8+ Rxd8 24. Bb6 Qxb6 25. Qxb6 fxe4 26. Nxe4 Rd7 27. Qe6
1-0

[Event "XXIV Weekend C"]
[Site "Ceriano Laghetto ITA"]
[Date "2015.03.08"]
[Round "4"]
[White "Seva, Alessio"]
[Black "Ruggiero, Paolino"]
[WhiteElo "1446"]
[BlackElo "1508"]
[Result "1/2-1/2"]
[PlyCount "87"]
[EventDate "2015.03.06"]

1. d4 f5 2. e3 Nf6 3. Nf3 e6 4. Nbd2 a6 5. Bd3 Be7 6. O-O Nc6 7. a3 O-O 8. Re1
b5 9. c3 Bb7 10. h3 Qe8 11. e4 fxe4 12. Nxe4 h6 13. Qc2 Na5 14. b4 Nc4 15. Ne5
Nxe5 16. dxe5 Nh5 17. Be3 Nf4 18. Bxf4 Rxf4 19. Ng3 Bh4 20. Re3 Qe7 21. Rf1
Raf8 22. Qe2 c5 23. Bb1 d5 24. Qd3 Qg5 25. bxc5 Bxg3 26. Rxg3 Qxe5 27. Qh7+ Kf7
28. Rxg7+ Qxg7 29. Bg6+ Kf6 30. Qxg7+ Kxg7 31. Bd3 Rc8 32. Be2 Rxc5 33. g3 Rf6
34. Rb1 Rxc3 35. a4 Rc2 36. Bd3 Rcxf2 37. axb5 axb5 38. Bxb5 d4 39. Rb4 Rf1+
40. Bxf1 Bd5 41. Rxd4 Rf3 42. Rd3 Rf8 43. Rd4 Rc8 44. Rd2 1/2-1/2

[Event "XXIV Weekend C"]
[Site "Ceriano Laghetto ITA"]
[Date "2015.03.08"]
[Round "5"]
[White "Carugati, Mario"]
[Black "Caprioni, Alberto"]
[WhiteElo "1389"]
[BlackElo "1437"]
[Result "1-0"]
[PlyCount "73"]
[EventDate "2015.03.06"]

1. e4 e5 2. Nf3 Nc6 3. a3 d6 4. Bc4 Nf6 5. h3 Nxe4 6. d3 Nf6 7. Nc3 h6 8. Bb5
a6 9. Ba4 b5 10. Bb3 d5 11. d4 e4 12. Nh2 Bd6 13. Ng4 Bxg4 14. hxg4 O-O 15. g5
hxg5 16. Bxg5 Be7 17. Bxf6 Bxf6 18. Qh5 Bh4 19. Rxh4 Qxh4 20. Qxh4 Nxd4 21.
O-O-O Nxb3+ 22. cxb3 c5 23. Rh1 f6 24. Nxd5 Rad8 25. Nxf6+ Rxf6 26. Qh8+ Kf7
27. Qxd8 Rxf2 28. Qd5+ Kf8 29. Qxc5+ Kf7 30. Qxf2+ Ke6 31. Qc5 e3 32. Kd1 a5
33. Rh5 e2+ 34. Kxe2 g6 35. Qc6+ Kf7 36. Rh7+ Kf8 37. Qc8# 1-0

[Event "XXIV Weekend C"]
[Site "Ceriano Laghetto ITA"]
[Date "2015.03.08"]
[Round "5"]
[White "Castellucci, Emiliano"]
[Black "Aldeghi, Damiano"]
[WhiteElo "1416"]
[BlackElo "1456"]
[Result "0-1"]
[PlyCount "94"]
[EventDate "2015.03.06"]

1. e4 e5 2. Nf3 Nc6 3. Bc4 Bc5 4. c3 a6 5. d4 exd4 6. cxd4 Bb4+ 7. Nc3 h6 8.
O-O d6 9. h3 Nge7 10. Bf4 Ng6 11. Bg3 Bxc3 12. bxc3 O-O 13. Rb1 Re8 14. Qb3 Qe7
15. Rfe1 Na5 16. Qa4 Nxc4 17. Qxc4 b5 18. Qd3 Bb7 19. d5 Rad8 20. Nd4 Ne5 21.
Bxe5 dxe5 22. Nf5 Qg5 23. Re3 Qh5 24. Rg3 g6 25. Qe3 Kh7 26. Nh4 Qxh4 27. c4 c6
28. Qa7 Qe7 29. Qe3 bxc4 30. Qf3 cxd5 31. exd5 Bxd5 32. Qe3 Ba8 33. Rb6 Rd3 34.
Qe2 Rxg3 35. fxg3 Qc5+ 36. Qf2 Qxf2+ 37. Kxf2 c3 38. Rb1 c2 39. Rc1 Rc8 40. g4
g5 41. g3 Be4 42. Ke3 Bg6 43. Ke2 Rc3 44. Kf2 Kg7 45. Kg2 Kf6 46. Rf1+ Ke6 47.
Rc1 Kd5 0-1

[Event "XXIV Weekend C"]
[Site "Ceriano Laghetto ITA"]
[Date "2015.03.08"]
[Round "5"]
[White "Ciochetta, Giovanni"]
[Black "Madaschi, Sergio"]
[WhiteElo "1587"]
[BlackElo "1494"]
[Result "1-0"]
[PlyCount "67"]
[EventDate "2015.03.06"]

1. e4 c5 2. c3 d5 3. exd5 Qxd5 4. d4 Nf6 5. dxc5 Qxc5 6. Be3 Qc7 7. Be2 Nc6 8.
Bf3 Bd7 9. Ne2 e6 10. O-O Be7 11. Nd2 O-O 12. Nb3 Ne5 13. Ng3 Nxf3+ 14. Qxf3
Bc6 15. Qd1 Rfd8 16. Qb1 a6 17. Nd4 Bd5 18. f3 Bd6 19. Bf2 Bc5 20. b4 Ba7 21.
Qb2 e5 22. Ndf5 Bxf2+ 23. Rxf2 Bc4 24. Qc1 Rac8 25. Nxg7 Kh8 26. N7f5 Rg8 27.
Nh6 Rg6 28. Ngf5 Be6 29. Rc2 Ng8 30. Qe3 Nxh6 31. Nxh6 Kg7 32. Ng4 Bxg4 33.
fxg4 Rxg4 34. Re1 {...} 1-0

[Event "XXIV Weekend C"]
[Site "Ceriano Laghetto ITA"]
[Date "2015.03.08"]
[Round "5"]
[White "Fantina, Carla"]
[Black "Kiszka, Jean Marc"]
[WhiteElo "1323"]
[BlackElo "1399"]
[Result "1-0"]
[PlyCount "114"]
[EventDate "2015.03.06"]

1. c4 Nf6 2. Nc3 g6 3. g3 c6 4. Bg2 d5 5. cxd5 Nxd5 6. d4 Nxc3 7. bxc3 Bg7 8.
Nf3 c5 9. e3 Nc6 10. O-O cxd4 11. exd4 O-O 12. Be3 e6 13. Qd2 Re8 14. Bh6 Bh8
15. Rad1 Bd7 16. Rfe1 a6 17. Ng5 Bg7 18. Bxg7 Kxg7 19. Ne4 Qe7 20. Nc5 Rab8 21.
Nxd7 Qxd7 22. d5 Rbd8 23. c4 exd5 24. Rxe8 Rxe8 25. Qb2+ Kg8 26. cxd5 Na5 27.
Rb1 b5 28. h4 Nc4 29. Qd4 Qd6 30. Bf1 Qb6 31. Qf4 Qd6 32. Qd4 Qb6 33. Rd1 Qxd4
34. Rxd4 Rd8 35. Bg2 f5 36. g4 Nd6 37. f3 fxg4 38. fxg4 a5 39. h5 gxh5 40. gxh5
Rd7 41. h6 Nf5 42. Rg4+ Kh8 43. Re4 Nxh6 44. Re6 Nf5 45. Kh2 Kg7 46. Be4 Nd6
47. Bg2 Nf5 48. Ra6 Ne3 49. Rxa5 Nxd5 50. Rxb5 Nc3 51. Ra5 Rd2 52. a4 Rd4 53.
Ra7+ Kh6 54. a5 Ra4 55. Kg3 Nb5 56. Ra6+ Nd6 57. Rxd6+ Kg7 1-0

[Event "XXIV Weekend C"]
[Site "Ceriano Laghetto ITA"]
[Date "2015.03.08"]
[Round "5"]
[White "Lupi, Matthew"]
[Black "Gatti, Daniele Guglielmo"]
[WhiteElo "1470"]
[BlackElo "1485"]
[Result "0-1"]
[PlyCount "120"]
[EventDate "2015.03.06"]

1. e4 e5 2. Nf3 Nc6 3. Bc4 Bc5 4. Nc3 Nf6 5. d3 h6 6. O-O d6 7. h3 O-O 8. Be3
Bb6 9. Ne2 d5 10. exd5 Nxd5 11. Bxb6 axb6 12. c3 Be6 13. Bb3 Qf6 14. Ng3 Nf4
15. Bxe6 fxe6 16. Nh2 Rad8 17. Ng4 Qg6 18. Ne3 h5 19. h4 Rxd3 20. Qc1 Qxg3 21.
fxg3 Ne2+ 22. Kh2 Nxc1 23. Re1 e4 24. Raxc1 Rf2 25. Rc2 Rxc2 26. Nxc2 Rd2 27.
Rc1 Ne5 28. Ne3 Re2 29. Nd1 Re1 30. g4 Nxg4+ 31. Kg3 e3 32. Rc2 Rxd1 33. Re2
Rd2 34. Kf3 Rxe2 35. Kxe2 Kf7 36. g3 Kf6 37. Kd3 Ke5 38. c4 c6 39. b4 Kd6 40.
a3 c5 41. b5 g6 42. a4 Ne5+ 43. Kxe3 Nxc4+ 44. Ke2 Kd5 45. Kd3 Nb2+ 46. Ke3 c4
47. Kd2 Kd4 48. Kc2 c3 49. Kb1 Kd3 50. Kc1 c2 51. a5 bxa5 52. b6 e5 53. g4 hxg4
54. h5 gxh5 55. Kxb2 Kd2 56. Kb3 c1=Q 57. Ka4 Qc2+ 58. Kb5 Qc6+ 59. Kxa5 Qc5+
60. Ka4 Qxb6 0-1

[Event "XXIV Weekend C"]
[Site "Ceriano Laghetto ITA"]
[Date "2015.03.08"]
[Round "5"]
[White "Meloni, Cristina"]
[Black "Castellucci, Leonardo"]
[WhiteElo "1374"]
[BlackElo "1410"]
[Result "0-1"]
[PlyCount "130"]
[EventDate "2015.03.06"]

1. d4 d5 2. Nf3 Nc6 3. c3 f6 4. e3 e5 5. Bb5 Bd7 6. O-O Bd6 7. Be2 Nge7 8. Nbd2
O-O 9. e4 f5 10. exd5 Nxd5 11. Bc4 Be6 12. Nb3 Na5 13. Nxa5 c6 14. Nxb7 Qb6 15.
Nxd6 Rfd8 16. dxe5 Qc5 17. Qb3 Rab8 18. Qc2 Rxd6 19. Qd3 Rdd8 20. Bg5 Rd7 21.
b4 Qb6 22. Rab1 Kh8 23. Nd4 Nxc3 24. Bxe6 Qxd4 25. Bxf5 Nxb1 26. Qxb1 Rxb4 27.
Qe1 Rf7 28. e6 Rxf5 29. e7 Qe4 30. Qxb4 Qxb4 31. e8=Q+ Qf8 32. Re1 h6 33. Qxf8+
Rxf8 34. Be7 Re8 35. g4 Kg8 36. f4 Kf7 37. Kf2 Rxe7 38. Re5 Rd7 39. Kf3 Rd5 40.
Ke4 Rd1 41. Kf5 g6+ 42. Ke4 Re1+ 43. Kd4 Rd1+ 44. Kc3 Rd5 45. Kc4 Rd1 46. Kc5
Rc1+ 47. Kd6 c5 48. Re7+ Kf6 49. g5+ hxg5 50. Re5 gxf4 51. Re6+ Kg7 52. Re7+
Kh6 53. h4 f3 54. Rf7 Rc3 55. Rf8 Rd3+ 56. Ke6 Kg7 57. Ke7 c4 58. Rf7+ Kh6 59.
Rf4 c3 60. Kf6 c2 61. Rc4 f2 62. Rxc2 f1=Q+ 63. Ke6 Qf5+ 64. Ke7 Re3+ 65. Kd6
Qxc2 0-1

[Event "XXIV Weekend C"]
[Site "Ceriano Laghetto ITA"]
[Date "2015.03.08"]
[Round "5"]
[White "Rosini, Luca Ungaro"]
[Black "Cella, Pietro"]
[WhiteElo "1584"]
[BlackElo "1467"]
[Result "1-0"]
[PlyCount "105"]
[EventDate "2015.03.06"]

1. d4 Nf6 2. c4 g6 3. Nc3 d5 4. Bg5 c6 5. Nf3 Bg7 6. e3 O-O 7. Bd3 Re8 8. O-O
Na6 9. Qb3 Nc7 10. cxd5 Ncxd5 11. Nxd5 Nxd5 12. h3 Qc7 13. Rac1 e6 14. Bh4 Qb6
15. Qxb6 Nxb6 16. Bg3 Bd7 17. Be5 Bf8 18. Ng5 Be7 19. Ne4 Nd5 20. Bc4 f6 21.
Bd6 Kg7 22. Bxe7 Rxe7 23. Bxd5 exd5 24. Nc5 Bf5 25. b3 Rc8 26. g4 Be6 27. Nxe6+
Rxe6 28. Rc5 Rc7 29. Rfc1 f5 30. Rxd5 fxg4 31. h4 g3 32. Rg5 gxf2+ 33. Kxf2
Rf7+ 34. Ke2 Re4 35. h5 Rh4 36. hxg6 hxg6 37. Rcg1 Rf6 38. Kd3 Rh3 39. R1g3
Rxg3 40. Rxg3 Rf7 41. Rg2 Kh6 42. e4 g5 43. d5 cxd5 44. exd5 Kg6 45. Kd4 Kf6
46. Re2 Re7 47. Rf2+ Kg7 48. d6 Rf7 49. Re2 Rd7 50. Kd5 Kf7 51. Rf2+ Ke8 52.
Ke6 g4 53. Rh2 1-0